[Event "Memorial Romana Baka OPEN FIDE"]
[Site "Starochorzowski Dom Kultury"]
[Date "2013.09.30"]
[Round "5.3"]
[White "Matuszczyk, Krystian"]
[Black "Raszka, Janusz"]
[Result "0-1"]
[WhiteElo "2019"]
[BlackElo "2192"]
[PlyCount "118"]
[EventDate "2013.??.??"]

1. e4 c5 2. Nf3 e6 3. d4 cxd4 4. Nxd4 Nf6 5. Nd2 Nc6 6. N4f3 d6 7. Be2 Be7 8.
O-O O-O 9. a3 Qc7 10. c4 a5 11. b3 b6 12. Bb2 Bb7 13. Re1 Rfd8 14. Qc2 Rac8 15.
Rac1 Nd7 16. Nf1 Bf6 17. Ng3 Nde5 18. Nd2 Nd7 19. Nh5 Bxb2 20. Qxb2 e5 21. Bg4
Nd4 22. Qc3 Ne6 23. Bxe6 fxe6 24. Qh3 Nf8 25. Rc3 Rd7 26. Qg4 Rf7 27. Rh3 Qe7
28. Nf3 h6 29. Rg3 a4 30. Nd2 axb3 31. Rxb3 Qc7 32. Reb1 Qc5 33. Qe2 Nd7 34.
Qe3 Qxe3 35. Rxe3 d5 36. exd5 exd5 37. cxd5 Bxd5 38. f3 Rc2 39. Ne4 Rf8 40. Rd1
Be6 41. Red3 Rc7 42. Rd6 Re8 43. h4 Kf7 44. g4 g6 45. Nhg3 Ra8 46. R6d3 Ke7 47.
Kf2 Rca7 48. Rb1 Rxa3 49. Rxa3 Rxa3 50. h5 gxh5 51. Nxh5 Rb3 52. Ra1 b5 53. Ra6
Bd5 54. Nhg3 b4 55. Rxh6 Ra3 56. g5 b3 57. Nf6 Nxf6 58. Nf5+ Kd8 59. gxf6 b2
0-1

[Event "Memorial Romana Baka OPEN FIDE"]
[Site "Starochorzowski Dom Kultury"]
[Date "2013.09.30"]
[Round "5.4"]
[White "Faron, Rafal"]
[Black "Zylka, Stanislaw"]
[Result "1/2-1/2"]
[WhiteElo "2021"]
[BlackElo "1712"]
[PlyCount "120"]
[EventDate "2013.??.??"]

1. d4 Nf6 2. Bg5 Ne4 3. Bf4 c5 4. f3 Qa5+ 5. c3 Nf6 6. Nd2 cxd4 7. Nb3 Qb6 8.
Qxd4 Qxd4 9. cxd4 Nc6 10. a3 d6 11. e4 e6 12. Bd3 Bd7 13. Ne2 Be7 14. Rc1 O-O
15. Nc3 Rfc8 16. Ke2 Be8 17. Rhd1 a6 18. Kf1 Nd7 19. Be2 b5 20. d5 Nce5 21. Nd4
Nf8 22. Bg3 Nc4 23. Bxc4 Rxc4 24. dxe6 fxe6 25. Nde2 Rc6 26. Rc2 Kf7 27. Rcd2
Rd8 28. f4 g6 29. Nd4 Rc7 30. f5 gxf5 31. exf5 e5 32. Nf3 Rdd7 33. Nd5 Rb7 34.
Nxe7 Kxe7 35. Bh4+ Kf7 36. Rxd6 Rxd6 37. Rxd6 Nd7 38. Re6 Nc5 39. Nxe5+ Kf8 40.
Rd6 b4 41. Be1 bxa3 42. bxa3 Rb1 43. Rd4 Bb5+ 44. Kf2 Rb2+ 45. Kg3 Re2 46. Nf3
Nd3 47. Bb4+ Kf7 48. Rd8 Nxb4 49. axb4 Rb2 50. Rd4 Kf6 51. Nh4 Ke5 52. Rf4 Kf6
53. Nf3 Bc6 54. h4 h5 55. Ne1 Re2 56. Nf3 Rb2 57. Rc4 Bb5 58. Rd4 Kxf5 59. Rd5+
Kg6 60. Rd6+ Kg7 1/2-1/2

[Event "Memorial Romana Baka OPEN FIDE"]
[Site "Starochorzowski Dom Kultury"]
[Date "2013.09.30"]
[Round "5.5"]
[White "Banasik, Henryk"]
[Black "Krol, Rafal"]
[Result "0-1"]
[WhiteElo "2011"]
[BlackElo "1771"]
[PlyCount "66"]
[EventDate "2013.??.??"]

1. e4 c6 2. d4 d5 3. Nc3 dxe4 4. Nxe4 Bf5 5. Ng3 Bg6 6. h4 h6 7. Bc4 e6 8. N1e2
Bd6 9. Nf4 Bh7 10. Ngh5 g6 11. Ng7+ Kd7 12. Rh3 Nf6 13. Nd3 Bg8 14. Ne5+ Kc8
15. Qf3 Rh7 16. c3 Rxg7 17. Bxh6 Rh7 18. Bg5 Be7 19. O-O-O Nd5 20. Kb1 f6 21.
Bxd5 cxd5 22. c4 fxe5 23. Bxe7 Rxe7 24. dxe5 d4 25. b4 Rc7 26. c5 a5 27. Qb3
axb4 28. Qxb4 Qd5 29. Rxd4 Qxa2+ 30. Kc1 Nc6 31. Rf3 Qa1+ 32. Kd2 Ra2+ 33. Ke3
Ra3+ 0-1

[Event "Memorial Romana Baka OPEN FIDE"]
[Site "Starochorzowski Dom Kultury"]
[Date "2013.09.30"]
[Round "5.6"]
[White "Wojkowski, Mariusz"]
[Black "Widera, Jan"]
[Result "0-1"]
[WhiteElo "1358"]
[BlackElo "1989"]
[PlyCount "47"]
[EventDate "2013.??.??"]

1. d4 d5 2. Nf3 Nf6 3. c4 c6 4. e3 a6 5. h3 e6 6. Bd2 Be7 7. Nc3 Nbd7 8. Bd3
O-O 9. O-O dxc4 10. Bxc4 b5 11. Bd3 c5 12. Ne4 cxd4 13. Nxd4 Bb7 14. Ng5 Nc5
15. Bc2 h6 16. Ngf3 Qd5 17. Bb3 Nxb3 18. Qxb3 Qh5 19. Nh2 Rfd8 20. Ba5 Rd7 21.
f3 Bc5 22. Ne2 Qe5 23. Kf2 Qxh2 24. Nf4 0-1

[Event "Memorial Romana Baka OPEN FIDE"]
[Site "Starochorzowski Dom Kultury"]
[Date "2013.09.30"]
[Round "5.7"]
[White "Rosicki, Marcin"]
[Black "Mucha, Piotr"]
[Result "1/2-1/2"]
[WhiteElo "1724"]
[BlackElo "1976"]
[PlyCount "72"]
[EventDate "2013.??.??"]

1. e4 c5 2. Nf3 d6 3. Bb5+ Nd7 4. d4 cxd4 5. Qxd4 Ngf6 6. Bg5 e5 7. Qd3 Qa5+ 8.
Nc3 a6 9. Bxd7+ Nxd7 10. O-O Nc5 11. Qe3 Be6 12. Nd2 f6 13. Bh4 Be7 14. Nb3 Qc7
15. Rfd1 O-O-O 16. Nd5 Bxd5 17. Rxd5 g5 18. Bg3 h5 19. f3 Rhg8 20. Rad1 Kb8 21.
Bf2 g4 22. fxg4 hxg4 23. Nd2 Qc6 24. Nc4 g3 25. Bxg3 Rg4 26. Nd2 f5 27. Qf3
fxe4 28. Qxg4 Qxd5 29. Bf2 Rg8 30. Qe2 Ne6 31. Qxe4 Qxa2 32. Nc4 Ng5 33. Qd5
Rc8 34. Nb6 Qxd5 35. Nxd5 Bd8 36. c3 Ne4 1/2-1/2

[Event "Memorial Romana Baka OPEN FIDE"]
[Site "Starochorzowski Dom Kultury"]
[Date "2013.09.30"]
[Round "5.8"]
[White "Wiecek, Pawel"]
[Black "Lis, Mateusz"]
[Result "0-1"]
[WhiteElo "1957"]
[BlackElo "1765"]
[PlyCount "98"]
[EventDate "2013.??.??"]

1. d4 Nf6 2. Nc3 d5 3. Bg5 Nbd7 4. f3 h6 5. Bh4 e6 6. e4 Be7 7. e5 Ng8 8. Bf2
c5 9. f4 a6 10. Nf3 c4 11. a3 b5 12. Be2 b4 13. Nb1 bxa3 14. Nxa3 Rb8 15. Ra2
Bb4+ 16. c3 Bxa3 17. bxa3 Qa5 18. O-O Qxc3 19. f5 Qb3 20. Rc2 exf5 21. Nh4 Ne7
22. Qc1 Nf8 23. Be1 g5 24. Nf3 Nfg6 25. Bb4 Rxb4 26. axb4 Qxb4 27. Qa1 Qb6 28.
Rb1 Qa7 29. Ra2 O-O 30. Ra5 g4 31. Ne1 Nxe5 32. Qc3 N5g6 33. Rba1 Re8 34. Bd1
Rd8 35. Nc2 Nc6 36. Rc5 Bb7 37. Ne3 Nge7 38. Bc2 Nxd4 39. Qxd4 Nc6 40. Qf4 Qxc5
41. Qxh6 Re8 42. Qg5+ Kf8 43. Qh6+ Ke7 44. Kh1 Kd8 45. Nxf5 Qf2 46. Qf6+ Kc7
47. h3 gxh3 48. gxh3 Qf3+ 49. Kg1 Rg8+ 0-1

[Event "Memorial Romana Baka OPEN FIDE"]
[Site "Starochorzowski Dom Kultury"]
[Date "2013.09.30"]
[Round "5.9"]
[White "Korcz, Daniel"]
[Black "Jacel, Lukasz"]
[Result "0-1"]
[WhiteElo "1795"]
[BlackElo "1917"]
[PlyCount "46"]
[EventDate "2013.??.??"]

1. e4 c5 2. Nf3 Nf6 3. Nc3 Nc6 4. d4 d5 5. exd5 Nxd5 6. Ne4 cxd4 7. Nxd4 e5 8.
Nxc6 bxc6 9. c4 Nb4 10. a3 Qxd1+ 11. Kxd1 Bf5 12. f3 O-O-O+ 13. Bd2 Bxe4 14.
fxe4 Bc5 15. Kc1 Nd3+ 16. Bxd3 Rxd3 17. Kc2 Rd4 18. Be3 Rxe4 19. Bxc5 Rxc4+ 20.
Kb3 Rxc5 21. Rac1 Rxc1 22. Rxc1 Kc7 23. Rf1 f6 0-1

[Event "Memorial Romana Baka OPEN FIDE"]
[Site "Starochorzowski Dom Kultury"]
[Date "2013.09.30"]
[Round "5.10"]
[White "Mucha, Marek"]
[Black "Jopek, Krzysztof"]
[Result "1-0"]
[WhiteElo "1546"]
[BlackElo "1899"]
[PlyCount "101"]
[EventDate "2013.??.??"]

1. f4 d5 2. Nf3 g6 3. e3 Bg7 4. Bb5+ Nd7 5. O-O a6 6. Ba4 b5 7. Bb3 Nc5 8. d4
Nxb3 9. axb3 Nf6 10. b4 O-O 11. Nbd2 Qd6 12. c3 Bf5 13. Nb3 Nd7 14. Ne5 Nb6 15.
Nc5 f6 16. Ned3 Bxd3 17. Qxd3 Nd7 18. Bd2 Nxc5 19. bxc5 Qc6 20. b4 Ra7 21. Ra5
Rfa8 22. f5 g5 23. Qe2 h6 24. Qg4 Re8 25. h4 e6 26. hxg5 hxg5 27. e4 dxe4 28.
Be3 exf5 29. Rxf5 Qe6 30. d5 Qc8 31. Bd4 e3 32. Ra1 e2 33. Re1 c6 34. Qh5 Rf7
35. Qg6 Ref8 36. Rxe2 cxd5 37. Rxd5 Qg4 38. Re3 Qh4 39. Rh3 Qe1+ 40. Kh2 Re8
41. c6 Qe6 42. Qh7+ Kf8 43. Bc5+ Rfe7 44. Bxe7+ Qxe7 45. Rd7 Qe5+ 46. Rg3 Re7
47. Qg6 Rxd7 48. cxd7 Qe7 49. Qd3 Qd8 50. Re3 Qc7+ 51. Kh1 1-0

[Event "Memorial Romana Baka OPEN FIDE"]
[Site "Starochorzowski Dom Kultury"]
[Date "2013.09.30"]
[Round "5.11"]
[White "Szczecina, Kamil"]
[Black "Ochowicz, Jakub"]
[Result "1/2-1/2"]
[WhiteElo "1894"]
[BlackElo "1619"]
[PlyCount "120"]
[EventDate "2013.??.??"]

1. Nf3 Nf6 2. g3 g6 3. Bg2 Bg7 4. O-O O-O 5. d3 d6 6. e4 Nbd7 7. Qe2 e5 8. Nh4
Ne8 9. c3 Nb6 10. Be3 c6 11. d4 Be6 12. Na3 Nc7 13. dxe5 dxe5 14. Bc5 Re8 15.
Rfd1 Qc8 16. Bd6 Rd8 17. c4 Ne8 18. Bc5 Bf8 19. Bxf8 Kxf8 20. c5 Nd7 21. Rab1
Qc7 22. b4 Ndf6 23. Nc4 Rxd1+ 24. Rxd1 Bxc4 25. Qxc4 Rd8 26. Rd3 Rxd3 27. Qxd3
a5 28. a3 axb4 29. axb4 Qd7 30. Qxd7 Nxd7 31. Nf3 f6 32. Nd2 Nc7 33. Bf1 Nb8
34. Nb3 Nba6 35. Na5 Nxb4 36. Nxb7 Nba6 37. Na5 Nxc5 38. f3 N7e6 39. Nxc6 Nb3
40. Kf2 Nbd4 41. Nb4 Ng5 42. Bg2 Nde6 43. h4 Nf7 44. Bh3 Nc5 45. Nd5 Kg7 46.
Ke3 Nd6 47. Bf1 h5 48. Bd3 Nxd3 49. Kxd3 f5 50. Ne3 Kf6 51. Nc4 Nb5 52. f4
fxe4+ 53. Kxe4 exf4 54. Kxf4 Nd4 55. Nd2 Ne2+ 56. Kf3 Nd4+ 57. Ke4 Ne6 58. Nf3
g5 59. Nxg5 Nxg5+ 60. hxg5+ Kxg5 1/2-1/2

[Event "Memorial Romana Baka OPEN FIDE"]
[Site "Starochorzowski Dom Kultury"]
[Date "2013.09.30"]
[Round "5.12"]
[White "Klementys, Jerzy"]
[Black "Rak, Dariusz"]
[Result "0-1"]
[WhiteElo "1766"]
[BlackElo "1885"]
[PlyCount "52"]
[EventDate "2013.??.??"]

1. d4 d5 2. c4 e5 3. dxe5 d4 4. Nf3 Nc6 5. g3 Nge7 6. Bg2 Ng6 7. O-O Bf5 8.
Nbd2 Qd7 9. a3 O-O-O 10. b4 h5 11. h4 Bh3 12. b5 Ncxe5 13. a4 Bxg2 14. Kxg2 Bd6
15. Qc2 d3 16. exd3 Qg4 17. Nh2 Nxh4+ 18. Kh1 Qh3 19. gxh4 Ng4 20. Ndf3 Nxh2
21. Ng1 Qxh4 22. Rd1 Nf3+ 23. Kg2 Qg4+ 24. Kf1 Nh2+ 25. Ke1 Bb4+ 26. Bd2 Rhe8+
0-1

[Event "Memorial Romana Baka OPEN FIDE"]
[Site "Starochorzowski Dom Kultury"]
[Date "2013.09.30"]
[Round "5.13"]
[White "Kostowski, Andrzej"]
[Black "Blasiak, Miroslaw"]
[Result "1/2-1/2"]
[WhiteElo "1684"]
[BlackElo "1870"]
[PlyCount "42"]
[EventDate "2013.??.??"]

1. d4 d5 2. c4 e6 3. e3 Nf6 4. Nc3 Be7 5. Nf3 O-O 6. Bd2 b6 7. a3 Bb7 8. b4
Nbd7 9. c5 c6 10. Be2 Qc7 11. O-O e5 12. dxe5 Nxe5 13. cxb6 axb6 14. Qb3 Bd6
15. g3 Rfe8 16. Nxe5 Bxe5 17. Bf3 Rad8 18. Rac1 Qe7 19. Na4 Bc7 20. Bc3 Ne4 21.
Qb2 Ra8 1/2-1/2

[Event "Memorial Romana Baka OPEN FIDE"]
[Site "Starochorzowski Dom Kultury"]
[Date "2013.09.30"]
[Round "5.14"]
[White "Stepaniec, Lukasz"]
[Black "Pasieka, Marcin"]
[Result "1-0"]
[WhiteElo "1857"]
[BlackElo "1514"]
[PlyCount "117"]
[EventDate "2013.??.??"]

1. d4 Nf6 2. c4 e6 3. Nc3 Bb4 4. Qc2 d5 5. cxd5 Qxd5 6. a3 Bxc3+ 7. bxc3 c5 8.
Nf3 b6 9. e3 Bb7 10. Nd2 O-O 11. f3 cxd4 12. cxd4 Nc6 13. Bc4 Qd7 14. O-O Rfd8
15. Nb3 Rac8 16. Qe2 Qc7 17. Bd3 Qb8 18. Bb2 Qa8 19. Rac1 Ne7 20. e4 Rxc1 21.
Rxc1 Rc8 22. Qf2 Rxc1+ 23. Bxc1 Ng6 24. Qc2 Qc8 25. Qxc8+ Bxc8 26. g3 Kf8 27.
Kf2 Ke7 28. Nd2 Kd8 29. Nb1 a6 30. Nc3 b5 31. Bg5 Kc7 32. Bd2 Ne7 33. Na2 Nd7
34. Bf4+ Kb7 35. Bd6 Nc6 36. d5 exd5 37. exd5 Nce5 38. Bxh7 Nc4 39. Be7 Nf6 40.
Be4 Nxe4+ 41. fxe4 Kc7 42. Nc3 Kd7 43. Bf8 g6 44. Ne2 a5 45. Nd4 Nxa3 46. Bxa3
b4 47. Bb2 a4 48. Nc6 a3 49. Bc1 a2 50. Bb2 b3 51. Nd4 Ba6 52. Nxb3 Kd6 53. Ke3
Bc4 54. Nd2 Bb5 55. Kd4 Ba4 56. e5+ Kc7 57. Kc5 Bc2 58. Nc4 Bf5 59. Nd6 1-0

[Event "Memorial Romana Baka OPEN FIDE"]
[Site "Starochorzowski Dom Kultury"]
[Date "2013.09.30"]
[Round "5.15"]
[White "Bilczewski, Kacper"]
[Black "Stemplewski, Kamil"]
[Result "1/2-1/2"]
[WhiteElo "1781"]
[BlackElo "1505"]
[PlyCount "94"]
[EventDate "2013.??.??"]

1. e4 c5 2. c3 d5 3. exd5 Qxd5 4. d4 Nf6 5. Nf3 Bg4 6. Be2 e6 7. h3 Bh5 8. O-O
Nc6 9. Be3 cxd4 10. cxd4 Be7 11. Nc3 Qd8 12. Qb3 Rb8 13. Rfd1 Nd5 14. Nxd5 exd5
15. Bf4 Bd6 16. Qe3+ Kf8 17. Bxd6+ Qxd6 18. Qg5 Bg6 19. Ne5 Re8 20. Bb5 a6 21.
Bxc6 bxc6 22. Rac1 Rc8 23. Qf4 Kg8 24. Nxg6 Qxg6 25. Re1 h6 26. Re3 Kh7 27. Rg3
Qe6 28. Rcc3 Rb8 29. b3 a5 30. Rce3 Qd7 31. Qe5 g6 32. Qf6 Rbe8 33. Qf4 Kg7 34.
Rxe8 Rxe8 35. Qd2 Qf5 36. Re3 Re4 37. Qxa5 Rxd4 38. Qc3 Qf6 39. Re1 Rf4 40.
Qxf6+ Rxf6 41. a4 c5 42. f3 c4 43. bxc4 dxc4 44. Rc1 Rc6 45. Kf2 c3 46. Ke3 Rc4
47. a5 Ra4 1/2-1/2

[Event "Memorial Romana Baka OPEN FIDE"]
[Site "Starochorzowski Dom Kultury"]
[Date "2013.09.30"]
[Round "5.16"]
[White "Cieraszewski, Piotr"]
[Black "Nowakowski, Jan"]
[Result "1/2-1/2"]
[WhiteElo "1917"]
[BlackElo "1675"]
[PlyCount "51"]
[EventDate "2013.??.??"]

1. d4 e6 2. c4 d5 3. Nf3 c5 4. cxd5 exd5 5. dxc5 Bxc5 6. e3 a6 7. Nc3 Nf6 8.
Be2 O-O 9. O-O Nc6 10. a3 b5 11. b4 Bb6 12. Bb2 Be6 13. Rc1 Rc8 14. Re1 h6 15.
h3 Ba7 16. Bf1 Bb8 17. Ne2 Ne4 18. Ned4 Nxd4 19. Qxd4 f6 20. Rxc8 Qxc8 21. Rc1
Qd7 22. Qd1 Qd6 23. Bd3 Ng5 24. Kf1 Qd7 25. Ke1 Qf7 26. Nd4 1/2-1/2

[Event "Memorial Romana Baka OPEN FIDE"]
[Site "Starochorzowski Dom Kultury"]
[Date "2013.09.30"]
[Round "5.17"]
[White "Mandla, Maciej"]
[Black "Gromada, Andrzej"]
[Result "0-1"]
[WhiteElo "1673"]
[BlackElo "1874"]
[PlyCount "62"]
[EventDate "2013.??.??"]

1. e4 e5 2. Nf3 Nc6 3. Bb5 Nf6 4. O-O Nxe4 5. Re1 Nd6 6. Nxe5 Nxe5 7. Rxe5+ Be7
8. Bd3 O-O 9. Qh5 g6 10. Qh6 f5 11. Nc3 Bf6 12. Re2 c6 13. b3 Nf7 14. Qh3 d5
15. Ba3 Re8 16. Rae1 Rxe2 17. Bxe2 Ng5 18. Qg3 Be6 19. h4 Ne4 20. Nxe4 dxe4 21.
d3 Qa5 22. Rd1 Qxa3 23. dxe4 fxe4 24. h5 g5 25. h6 Qe7 26. Rd6 Bd5 27. Bg4 Rd8
28. Rxd8+ Qxd8 29. c4 Bf7 30. f4 Qd3 31. Qh2 Bd4+ 0-1

[Event "Memorial Romana Baka OPEN FIDE"]
[Site "Starochorzowski Dom Kultury"]
[Date "2013.09.30"]
[Round "5.18"]
[White "Grabarczyk, Sylwester"]
[Black "Sobek, Piotr"]
[Result "1-0"]
[WhiteElo "1666"]
[BlackElo "1840"]
[PlyCount "169"]
[EventDate "2013.??.??"]

1. e4 e5 2. Nf3 Nc6 3. Bb5 a6 4. Ba4 Nf6 5. O-O d6 6. d4 b5 7. Bb3 Bg4 8. c3
exd4 9. h3 Bxf3 10. Qxf3 Ne5 11. Qd1 d3 12. f4 Ng6 13. Qxd3 Be7 14. Qe2 O-O 15.
e5 dxe5 16. fxe5 Re8 17. Kh1 Nd5 18. Qf3 c6 19. Qxf7+ Kh8 20. Qe6 Rc8 21. Bxd5
Bc5 22. Qg4 Qxd5 23. b4 Nxe5 24. Qh5 Bd6 25. Rd1 Rf8 26. Be3 Qe6 27. Na3 Rf6
28. Nc2 Rcf8 29. Nd4 Qc4 30. Qe2 Qf7 31. Nb3 Bb8 32. Nc5 a5 33. Ne4 Rg6 34. Rf1
Qe8 35. Rxf8+ Qxf8 36. Rf1 Qe8 37. Bc5 Nf7 38. Qf3 Kg8 39. bxa5 Qd7 40. a6 h6
41. Qf5 Qc7 42. g3 Nh8 43. Qf8+ Kh7 44. Bd6 Rxd6 45. Nxd6 Ng6 46. Qf7 Qxd6 47.
a7 Bxa7 48. Qxa7 Qxg3 49. Rf7 Qxh3+ 50. Kg1 Qg3+ 51. Kf1 Qxc3 52. Qf2 Qc4+ 53.
Kg1 Qg4+ 54. Kf1 Qe6 55. Kg1 c5 56. Rb7 Qg4+ 57. Kf1 Qh3+ 58. Kg1 Nh4 59. Qc2+
Ng6 60. Rxb5 Qg4+ 61. Kh2 c4 62. Rb4 Qf4+ 63. Kg2 Qg5+ 64. Kh1 Qd5+ 65. Qg2 Qd3
66. Rb7 c3 67. Rc7 Qd1+ 68. Kh2 Qd4 69. Rc6 Qe5+ 70. Kh1 Nf4 71. Qc2+ Kg8 72.
Rc8+ Kf7 73. Qb3+ Kg6 74. Qc2+ Kg5 75. Qf2 Qe4+ 76. Kh2 Kg6 77. Rxc3 Ne2 78.
Re3 Qf4+ 79. Qxf4 Nxf4 80. a4 Nd5 81. Rb3 Nc7 82. a5 Kf5 83. Rb7 Ne6 84. a6 Nc5
85. Rb5 1-0

[Event "Memorial Romana Baka OPEN FIDE"]
[Site "Starochorzowski Dom Kultury"]
[Date "2013.09.30"]
[Round "5.19"]
[White "Lendla, Janusz"]
[Black "Grzesiek, Wiktoria"]
[Result "1-0"]
[WhiteElo "1698"]
[BlackElo "1434"]
[PlyCount "73"]
[EventDate "2013.??.??"]

1. d4 Nf6 2. c4 g6 3. Nc3 Bg7 4. Nf3 O-O 5. Bf4 d6 6. e3 Nbd7 7. Be2 h6 8. h3
Re8 9. O-O e5 10. dxe5 Nxe5 11. Nxe5 dxe5 12. Qxd8 Rxd8 13. Bxe5 c6 14. Bd4 Be6
15. Rad1 b6 16. c5 b5 17. b4 a5 18. a3 axb4 19. axb4 Nd5 20. Nxd5 Bxd5 21. Bxg7
Kxg7 22. Rd4 f5 23. Rfd1 Kf6 24. Bxb5 cxb5 25. Rxd5 Rxd5 26. Rxd5 Ra6 27. h4
Ke6 28. Rd4 Ra1+ 29. Kh2 Ra6 30. Kg3 Rc6 31. Kf4 Ke7 32. e4 fxe4 33. Kxe4 Re6+
34. Kd5 Kd7 35. Rf4 Re7 36. Rf6 Rg7 37. Rb6 1-0

[Event "Memorial Romana Baka OPEN FIDE"]
[Site "Starochorzowski Dom Kultury"]
[Date "2013.09.30"]
[Round "5.20"]
[White "Domanski, Lukasz"]
[Black "Kotula, Magdalena"]
[Result "1-0"]
[WhiteElo "1587"]
[BlackElo "1563"]
[PlyCount "61"]
[EventDate "2013.??.??"]

1. e4 c5 2. Nf3 Nc6 3. d4 cxd4 4. Nxd4 Nf6 5. Nc3 e5 6. Ndb5 d6 7. Bg5 a6 8.
Na3 b5 9. Nd5 Be7 10. Bxf6 Bxf6 11. c4 b4 12. Nc2 a5 13. Qf3 Bg5 14. h4 Bh6 15.
g4 Bf4 16. Nxf4 exf4 17. Qxf4 Ne5 18. Be2 Bxg4 19. Qe3 Rc8 20. b3 Qf6 21. f4
Bxe2 22. fxe5 Qf3 23. Rg1 Qxe3 24. Nxe3 Bf3 25. exd6 Bxe4 26. O-O-O Kd7 27.
Rxg7 Bg6 28. Rd4 Rhe8 29. Ng4 Re1+ 30. Kd2 Rce8 31. Nf6+ 1-0

[Event "Memorial Romana Baka OPEN FIDE"]
[Site "Starochorzowski Dom Kultury"]
[Date "2013.10.01"]
[Round "6.1"]
[White "Kuciel, Wladyslaw"]
[Black "Raszka, Janusz"]
[Result "0-1"]
[WhiteElo "1970"]
[BlackElo "2192"]
[PlyCount "74"]
[EventDate "2013.??.??"]

1. d4 d5 2. c4 dxc4 3. Nf3 Nf6 4. e3 e6 5. Bxc4 a6 6. O-O c5 7. Bb3 Nbd7 8. Nc3
Be7 9. Qe2 O-O 10. Rd1 Qc7 11. e4 cxd4 12. Nxd4 b5 13. e5 Nxe5 14. Bf4 Nfd7 15.
Nxe6 fxe6 16. Bxe6+ Kh8 17. Nd5 Qc4 18. Qh5 Rxf4 19. Rac1 Qe4 20. Re1 Qd4 21.
Nxf4 Qxf4 22. Qe8+ Qf8 23. Bxd7 Bxd7 24. Qxf8+ Rxf8 25. Rxe5 Bf6 26. Rd5 Be6
27. Rd6 Bxa2 28. Rxa6 Bc4 29. Rc2 h6 30. Rd2 Re8 31. g3 Re1+ 32. Kg2 Rb1 33. h4
Rxb2 34. Rd7 b4 35. Raa7 b3 36. g4 Ra2 37. Rac7 b2 0-1

[Event "Memorial Romana Baka OPEN FIDE"]
[Site "Starochorzowski Dom Kultury"]
[Date "2013.10.01"]
[Round "6.2"]
[White "Widera, Jan"]
[Black "Stachanczyk, Jacek"]
[Result "0-1"]
[WhiteElo "1989"]
[BlackElo "2227"]
[PlyCount "140"]
[EventDate "2013.??.??"]

1. Nf3 g6 2. c4 Bg7 3. Nc3 e5 4. d4 exd4 5. Nxd4 Nc6 6. Nxc6 bxc6 7. e4 d6 8.
Be2 Nf6 9. O-O O-O 10. Bf4 Nd7 11. Qd2 Rb8 12. b3 Qf6 13. Rac1 Re8 14. h3 Qd4
15. Bf3 Ne5 16. Be2 Nd7 17. Bf3 Ne5 18. Be2 Qxd2 19. Bxd2 f5 20. Rfe1 fxe4 21.
Nxe4 Bf5 22. f3 Bxe4 23. fxe4 c5 24. Rf1 Nc6 25. Bd3 Bd4+ 26. Kh1 Kg7 27. g3
Rf8 28. Kg2 Rxf1 29. Rxf1 a5 30. h4 a4 31. Bc2 axb3 32. Bxb3 Be5 33. Kh3 Nd4
34. Rb1 Rf8 35. Be1 Rf3 36. Bd1 Ra3 37. Bb3 Nc6 38. Bd2 Kf7 39. Bc1 Ra8 40. a4
Ke6 41. Bd2 Bd4 42. Bc2 Ne5 43. a5 Nf3 44. Be1 Ke5 45. Kg4 Nxe1 46. Rxe1 Rxa5
47. Kg5 Ra3 48. Kh6 Rxg3 49. Rh1 Rc3 50. Bb1 Rxc4 51. Kxh7 Rb4 52. Kxg6 Rb2 53.
h5 Rg2+ 54. Kf7 c4 55. h6 Kf4 56. h7 c3 57. h8=Q Bxh8 58. Rxh8 c2 59. Bxc2 Rxc2
60. Rh4+ Ke5 61. Ke7 c5 62. Kd7 Rd2 63. Kc6 c4 64. Kb5 c3 65. Rh3 Kd4 66. Kb4
c2 67. Rc3 Kxe4 68. Kb3 Rd3 69. Kxc2 Rxc3+ 70. Kxc3 d5 0-1

[Event "Memorial Romana Baka OPEN FIDE"]
[Site "Starochorzowski Dom Kultury"]
[Date "2013.10.01"]
[Round "6.3"]
[White "Krol, Rafal"]
[Black "Zylka, Stanislaw"]
[Result "0-1"]
[WhiteElo "1771"]
[BlackElo "1712"]
[PlyCount "74"]
[EventDate "2013.??.??"]

1. Nf3 c5 2. g3 Nc6 3. Bg2 g6 4. O-O Bg7 5. e4 e5 6. Nc3 Nge7 7. d3 O-O 8. Be3
d6 9. Qd2 Nd4 10. Ne1 Be6 11. h3 Qd7 12. Kh2 b5 13. f4 b4 14. Ne2 a5 15. c3
Nxe2 16. Qxe2 bxc3 17. b3 exf4 18. gxf4 a4 19. f5 gxf5 20. exf5 Nxf5 21. Bxa8
Nxe3 22. Qxe3 Rxa8 23. Qe4 d5 24. Qg2 axb3 25. Rg1 f5 26. Nf3 b2 27. Rab1 Kh8
28. Ng5 Rg8 29. Qe2 Bf7 30. Rbe1 h6 31. Nxf7+ Qxf7 32. Rg2 Qf6 33. Qh5 Qe5+ 34.
Rxe5 Bxe5+ 35. Rg3 Bxg3+ 36. Kg2 Bf4+ 37. Kf3 b1=Q 0-1

[Event "Memorial Romana Baka OPEN FIDE"]
[Site "Starochorzowski Dom Kultury"]
[Date "2013.10.01"]
[Round "6.4"]
[White "Lis, Mateusz"]
[Black "Morkisz, Bogdan"]
[Result "0-1"]
[WhiteElo "1765"]
[BlackElo "2134"]
[PlyCount "75"]
[EventDate "2013.??.??"]

1. e4 e6 2. d4 d5 3. e5 c5 4. c3 Nc6 5. Nf3 Bd7 6. a3 f6 7. Bf4 Nh6 8. Bd3 Nf7
9. O-O g5 10. Bg3 f5 11. h3 Qb6 12. Qd2 f4 13. Bh2 c4 14. Be2 Be7 15. Qc2 h5
16. Ne1 O-O-O 17. Nd2 Na5 18. Rb1 Rdg8 19. b3 cxb3 20. Nxb3 Ba4 21. Nxa5 Bxc2
22. Rxb6 axb6 23. Nxc2 bxa5 24. c4 Rd8 25. Rb1 Kb8 26. c5 Rd7 27. Rb6 Nd8 28.
Bb5 Rc7 29. a4 Ka7 30. Na3 Nc6 31. Nc2 Nxd4 32. Nxd4 Bxc5 33. Rxe6 Bxd4 34. Rd6
Re8 35. Rxd5 Rxe5 36. Bxf4 Rxd5 37. Bxc7 Rxb5 38. axb5 0-1

[Event "Memorial Romana Baka OPEN FIDE"]
[Site "Starochorzowski Dom Kultury"]
[Date "2013.10.01"]
[Round "6.5"]
[White "Jacel, Lukasz"]
[Black "Faron, Rafal"]
[Result "0-1"]
[WhiteElo "1917"]
[BlackElo "2021"]
[PlyCount "106"]
[EventDate "2013.??.??"]

1. e4 e5 2. Nf3 Nc6 3. Nc3 Nf6 4. Bb5 Bb4 5. O-O O-O 6. d3 d6 7. Bg5 Bxc3 8.
bxc3 Qe7 9. Re1 Nd8 10. d4 Bg4 11. h3 Bh5 12. g4 Bg6 13. Bd3 h5 14. d5 hxg4 15.
hxg4 Qd7 16. Nh2 Nh7 17. Be3 f6 18. Kg2 Nf7 19. f3 c6 20. c4 c5 21. a4 Nfg5 22.
Nf1 Kf7 23. Ng3 Ke7 24. Qd2 Nf7 25. Rab1 Nhg5 26. Rb3 Rh8 27. Reb1 Rh2+ 28.
Kxh2 Nxf3+ 29. Kg2 Nxd2 30. Bxd2 Nd8 31. Kf3 Qxa4 32. Nf5+ Bxf5 33. gxf5 b6 34.
Rh1 Nf7 35. Rh7 Qa1 36. Kf2 Qd1 37. Be3 Qg4 38. Rb1 Rh8 39. Rxh8 Nxh8 40. Ra1
a5 41. Rb1 Nf7 42. Rxb6 Ng5 43. Rb7+ Kd8 44. Bxg5 Qxg5 45. Ke2 Qc1 46. Ra7 Qa1
47. Ra6 Kc7 48. Ra7+ Kc8 49. Ra6 a4 50. Rxd6 a3 51. Rc6+ Kd7 52. Kd2 Qb2 53.
Ra6 a2 0-1

[Event "Memorial Romana Baka OPEN FIDE"]
[Site "Starochorzowski Dom Kultury"]
[Date "2013.10.01"]
[Round "6.6"]
[White "Stepaniec, Lukasz"]
[Black "Matuszczyk, Krystian"]
[Result "1-0"]
[WhiteElo "1857"]
[BlackElo "2019"]
[PlyCount "79"]
[EventDate "2013.??.??"]

1. d4 g6 2. c4 Bg7 3. Nc3 d6 4. e4 Nf6 5. f3 c6 6. Be3 Nbd7 7. Nh3 e5 8. d5 c5
9. Be2 a6 10. a3 O-O 11. Qd2 Re8 12. Bg5 Qb6 13. Nf2 Nf8 14. O-O Bd7 15. b4
cxb4 16. axb4 Qd4 17. Bd3 Qb6 18. Be3 Qd8 19. Rfc1 a5 20. Qb2 b6 21. bxa5 bxa5
22. Qb6 Qxb6 23. Bxb6 Bh6 24. Rcb1 Bd2 25. Nfd1 g5 26. Bc7 Ng6 27. Bxd6 g4 28.
Ra2 Bg5 29. c5 gxf3 30. gxf3 Kh8 31. Bb5 Bxb5 32. Nxb5 Rg8 33. Kf1 Bf4 34. c6
Nh5 35. Bc5 Nh4 36. Rb3 a4 37. Rc3 Ra5 38. Nd6 Rf8 39. c7 Raa8 40. Ba3 1-0

[Event "Memorial Romana Baka OPEN FIDE"]
[Site "Starochorzowski Dom Kultury"]
[Date "2013.10.01"]
[Round "6.7"]
[White "Rosicki, Marcin"]
[Black "Zawierucha, Aleksander"]
[Result "0-1"]
[WhiteElo "1724"]
[BlackElo "2008"]
[PlyCount "90"]
[EventDate "2013.??.??"]

1. e4 e6 2. d4 d5 3. e5 c5 4. c3 Nc6 5. Nf3 Bd7 6. a3 Qb6 7. b4 cxd4 8. cxd4
Rc8 9. Bb2 Nh6 10. Be2 Na5 11. Nbd2 Nc4 12. Nxc4 dxc4 13. Rc1 a5 14. Nd2 axb4
15. Nxc4 Qd8 16. axb4 Bxb4+ 17. Bc3 Bxc3+ 18. Rxc3 O-O 19. Qb3 Nf5 20. Rd3 b5
21. Ne3 Rc1+ 22. Bd1 Qa5+ 23. Ke2 Nxe3 24. Rxe3 Rfc8 25. Re1 Bc6 26. Qa3 Qxa3
27. Rxa3 Bxg2 28. f3 b4 29. Rb3 R8c4 30. Kf2 Rxd4 31. Kxg2 Rcxd1 32. Rxd1 Rxd1
33. Rxb4 g6 34. Rb7 Rd5 35. f4 Rd3 36. Rc7 h6 37. h4 Re3 38. Rc5 Kg7 39. Ra5 g5
40. hxg5 hxg5 41. fxg5 Kg6 42. Kf2 Rd3 43. Ra7 Rd5 44. Kf3 Rxe5 45. Kf4 Rf5+
0-1